000 00753nam a2200253 i 4500
003 DO-SdBNP
005 20240213074906.0
007 ta
008 240213s2023 dr 000 0 spa d
020 _a9789945649048
040 _aDO-SdBNP
_bspa
_cBNPHU
_erda
082 _bM491t
_222
100 _aMedina, Aquilino
_953966
245 1 4 _aLos tres mundos del infierno /
_cAquilino Medina
264 1 _aSanto Domingo :
_bPrintBarato,
_c2023.
300 _a132 páginas,
_c21 cm.
336 _2rdacontent
_atexto
_btxt
337 _2rdamedia
_asin mediación
_bn
338 _2rdacarrier
_avolumen
_bnc
500 _aIncluye datos biográficos del autor en las solapas.
590 _aInventariado, 2024/ YL
910 _aYLockward
942 _2ddc
_cLBS1
999 _c55927
_d55927